Ochrana knižničných fondov v slovenských knižniciach
Využívanie a zabezpečenie systémov elektronickej ochrany knižničných fondov pred stratami a krádežami v slovenských knižniciach. Vyhodnotenie súčasnej situácie v oblasti zabezpečovacích technológií v knižniciach na Slovensku formou dotazníkového prieskumu.
Salvato in:
| Autore principale: | |
|---|---|
| Natura: | Capitolo di libro |
| Lingua: | slovacco |
| Soggetti: | |
| Tags: |
Nessun Tag, puoi essere il primo ad aggiungerne!!
|
MARC
| LEADER | 00000nla a2200000 4500 | ||
|---|---|---|---|
| 001 | 0162021 | ||
| 005 | 20240502072816.4 | ||
| 041 | 0 | |a slo | |
| 044 | |a SK | ||
| 245 | 1 | 0 | |a Ochrana knižničných fondov v slovenských knižniciach |c Jitka Kmeťová |
| 520 | |a Využívanie a zabezpečenie systémov elektronickej ochrany knižničných fondov pred stratami a krádežami v slovenských knižniciach. Vyhodnotenie súčasnej situácie v oblasti zabezpečovacích technológií v knižniciach na Slovensku formou dotazníkového prieskumu. | ||
| 610 | 2 | 0 | |a knižnice |
| 610 | 2 | 0 | |a fondy knižničné |
| 610 | 2 | 0 | |a identifikácia vysokofrekvenčná |
| 610 | 2 | 0 | |a technológie informačné |
| 610 | 2 | 0 | |a technológie komunikačné |
| 610 | 2 | 0 | |a prieskum |
| 100 | 1 | |a Kmeťová, Jitka | |